书目信息 |
| 题名: |
软和平:国际政治中的强权与道德
|
|
| 作者: | 韦正翔 著 | |
| 分册: | ||
| 出版信息: | 保定 河北大学出版社 2001 |
|
| 页数: | 305页 | |
| 开本: | 20cm | |
| 丛书名: | 清华哲学研究系列 | |
| 单 册: | ||
| 中图分类: | D51 | |
| 科图分类: | ||
| 主题词: | 霸权主义--研究 , 国际政治--道德--研究 | |
| 电子资源: | ||
| ISBN: | 7-81028-787-7 | |
| 000 | 00759nam2 2200241 45 | |
| 001 | 0404071545 | |
| 005 | 20040407155730.7 | |
| 010 | @a7-81028-787-7@dCNY19.00 | |
| 100 | @a20040407d2001 km y0chiy0120 ea | |
| 101 | 0 | @achi |
| 105 | @a z 000yy | |
| 200 | 1 | @a软和平:国际政治中的强权与道德@ARuan He Ping:Guo Ji Zheng Zhi Zhong De Qiang Quan Yu Dao De@f韦正翔著@FWei Zheng Xiang Zhu |
| 210 | @a保定@c河北大学出版社@d2001 | |
| 215 | @a305页@d20cm | |
| 225 | @a清华哲学研究系列@f万俊人主编 | |
| 410 | @12001 @a清华哲学研究系列 | |
| 410 | @1700 0@a万俊人@AWan Jun Ren@4主编 | |
| 606 | 0 | @a霸权主义@x研究 |
| 606 | 0 | @a国际政治@x道德@x研究 |
| 690 | @aD51@v4 | |
| 701 | 0 | @a韦正翔@4著 |
| 801 | @aCN@bTSTC@c20040407 | |
| 905 | @b331090-094@dD51@e101@f5 | |
| 软和平:国际政治中的强权与道德/韦正翔著.-保定:河北大学出版社,2001 |
| 305页;20cm.-(清华哲学研究系列/万俊人主编) |
| ISBN 7-81028-787-7:CNY19.00 |
| ● |
| 相关链接 |
|
|
|
|
正题名:软和平:国际政治中的强权与道德
索取号:D51/101
 
预约/预借
| 序号 | 登录号 | 条形码 | 馆藏地/架位号 | 状态 | 备注 |
| 1 | 0331090 | 203310906 | 第一借阅区/ [索取号:D51/101] | 在馆 | |
| 2 | 0331091 | 203310915 | 第一借阅区/ [索取号:D51/101] | 在馆 | |
| 3 | 0331092 | 203310924 | 第一借阅区/ [索取号:D51/101] | 在馆 | |
| 4 | 0331093 | 203310933 | 第一借阅区/ [索取号:D51/101] | 在馆 | |
| 5 | 0331094 | 203310942 | 第一样本阅览室/ [索取号:D51/101] | 在馆 |